Responses for Show #2119 - Thursday, November 18, 1993

1993 Tournament of Champions quarterfinal game 4.

Contestants

[<< previous game]

Fraser Woodford, a Teen Tournament winner from Lexington, Kentucky

Debby Arnold, a registered nurse from Atlanta, Georgia

Tom Nosek, an aerospace engineer from Torrance, California

[next game >>]

Jeopardy! Round responses

THE 1990s
TOUGH TV TRIVIA
AMERICAN MUSEUMS
THE BIBLE
FRUITS & VEGETABLES
ANAGRAMS
    $100 9
Mikhail Gorbachev

Tom
    $100 6
(F: What is "The Addams Family?")

The Munsters

TomFraser
    $100 1
Richmond

Debby
    $100 15
Parting of the Red Sea

Debby
    $100 5
Orange

Tom
    $100 13
Zelda (lazed)

Tom
    $200 10
H. Ross Perot

Fraser
    $200 7
The Cabinet of Dr. Caligari

Triple Stumper
    $200 2
Cookie jars

Fraser
    $200 24
Wedding

Fraser
    $200 16
Avocado

Debby
    $200 20
Mange (Megan)

Debby
    $300 11
Tailhook

Tom
    $300 8
(D: Who was Morey Amsterdam?)

Buddy Sorrell

Debby
Triple Stumper
    $300 3
Washington, D.C.

Debby
    $300 25
Matthew

Tom
    $300 17
banana

Tom
    $300 21
(T: What is a ruby?)

Pearl (paler)

Tom
Triple Stumper
    $400 12
John Connally

Fraser
    $400 29
Taylor

Triple Stumper
    $500 4
Delaware

Debby
    $400 26
7

Triple Stumper
    $400 18
Lime

Fraser
    $400 22
Lilac (Cilla)

Debby
    $500 14
Michael Milken

Tom
    $500 30
Hillary Clinton

Triple Stumper
    $500 28
Reader's Digest

Triple Stumper
    $500 27
Haman

Debby
    $500 19
the lychee nut

Debby
    $500 23
Eros (Rose)

Tom

Scores at the first commercial break (after clue 15):

Tom Debby Fraser
$1,200 $700 $700

Scores at the end of the Jeopardy! Round:

Tom Debby Fraser
$2,000 $2,500 $1,300

Double Jeopardy! Round responses

FAMOUS SCIENTISTS
ISLANDS
CLASSICAL COMPOSERS
LANGUAGES
BRITISH POETS
RUTHERFORD B. HAYES
    $200 6
Marie Curie

Debby
    $200 11
Greenland

Fraser
    $200 16
W.A. Mozart

Tom
    $200 21
Greek

Fraser
    $200 26
Robert Burns

Fraser
    $200 1
19

Tom
    $400 7
Pliny

Tom
    $400 12
(T: What is Hokkaido?)

Honshu

TomFraser
    $400 17
Pyotr Tchaikovsky

Tom
    $400 22
Aztecs

Tom
    $400 27
Geoffrey Chaucer

Tom
    $400 2
Vice president

Tom
    $600 8
Carl Linnaeus

Fraser
    $600 13
Bahrain

Fraser
    $600 18
G.F. Handel

Tom
    $600 23
Italian

Fraser
    $600 28
John Keats

Tom
    $600 3
"Lemonade Lucy" Hayes

Tom
    $800 9
Max Planck

Fraser
    $800 14
Majorca

Tom
    $800 19
Felix Mendelssohn

Triple Stumper
    $800 24
Africa

Fraser
    $3,500 29
Alfred Lord Tennyson

Tom
    $800 4
Alcohol

Fraser
    $1000 10
Niels Bohr

Fraser
    $1000 15
Tonga

Triple Stumper
    $1000 20
Jacques Offenbach

Tom
    $2,000 25
Sanskrit

Fraser
    $1000 30
Alexander Pope

Tom
    $1000 5
Ohio

Tom

Scores at the end of the Double Jeopardy! Round:

Tom Debby Fraser
$13,100 $2,700 $9,500

Final Jeopardy! Round responses

HISTORIC NAMES
DebbyWho is Venerable Bede
$2,700
FraserWho was Frederick the Great?
$2,000
TomWho is Luther?
$0
Martin Luther

Final scores:

Tom Debby Fraser
$13,100 $0 $7,500
Automatic semifinalist 3rd place: $1,000 if eliminated 2nd place: $1,000 if eliminated

Game dynamics:

Coryat scores:

Tom Debby Fraser
$10,400 $2,600 $8,500
24 R
(including 1 DD),
2 W
10 R
(including 1 DD),
1 W
17 R
(including 1 DD),
1 W

Combined Coryat: $21,500

[game clues] [game scores] [suggest correction]

Game tape date: 1993-10-11
The J! Archive is created by fans, for fans. Scraping, republication, monetization, and malicious use prohibited; this site may use cookies and collect identifying information. See terms. The Jeopardy! game show and all elements thereof, including but not limited to copyright and trademark thereto, are the property of Jeopardy Productions, Inc. and are protected under law. This website is not affiliated with, sponsored by, or operated by Jeopardy Productions, Inc. Join the discussion at JBoard.tv.